Most populous countries in 2100 - Statistics

General Stats
  • This quiz has been taken 46 times
  • The average score is 18 of 20
Answer Stats
Population Country % Correct
1 bil China
100%
1.4 bil India
100%
433.8 mil United States
100%
326 mil D.R. Congo
98%
164.9 mil Niger
98%
180.6 mil Brazil
95%
224.7 mil Egypt
95%
732.9 mil Nigeria
95%
151.3 mil Bangladesh
93%
320.7 mil Indonesia
93%
141.5 mil Mexico
93%
126.1 mil Russia
93%
294.3 mil Ethiopia
88%
403.1 mil Pakistan
88%
146.3 mil Philippines
83%
285.6 mil Tanzania
83%
125.4 mil Kenya
78%
142.3 mil Sudan
73%
188.2 mil Angola
68%
136.7 mil Uganda
68%
No matching quizzes found
Score Distribution
Percent of People with Each Score
Percentile by Number Answered
Your Score History
You have not taken this quiz